Two Point Hospital Maps - Statistics

General Stats
  • This quiz has been taken 6 times
  • The average score is 26 of 36
Answer Stats
Hospital % Correct
Camouflage Falls
100%
Chasm 24
100%
Clockwise-before-Thyme
100%
Fitzpocket Academy
100%
Flemington
100%
Flottering
100%
Goldpan
100%
Grockle Bay
100%
Hogsport
100%
Mitton University
100%
Pebberly Reef
100%
Topless Mountain
100%
Tumble
100%
Underlook Hotel
100%
Ailing
67%
Betts Shore
67%
Clockwise-above-Thyme
67%
Clockwise-upon-Thyme
67%
Croquembouche
67%
Lower Bullocks
67%
Mudbury Festival
67%
Overgrowth
67%
Plywood Studios
67%
Pointy Pass
67%
Roquefort Castle
67%
Rotting Hill
67%
Sweaty Palms
67%
Wanderoff
67%
Windsock
67%
Duckworth-upon-Bilge
33%
Melt Downs
33%
Old Newpoint
33%
Pelican Wharf
33%
Smogley
33%
Svelbard
33%
Blighton
0%
No matching quizzes found
Score Distribution
Percent of People with Each Score
Percentile by Number Answered
Your Score History
You have not taken this quiz